| 000 | 00642nam a2200217Ia 4500 | ||
|---|---|---|---|
| 003 | PE SENCICO BE | ||
| 005 | 20251020182437.0 | ||
| 008 | 200515s9999 xx 000 0 und d | ||
| 040 |
_aPE SENCICO BE _cPE SENCICO BE |
||
| 041 | _aspa | ||
| 082 |
_a512.9434 _bV32 |
||
| 100 | 1 |
_aVasquez Vera, A. _93220 _eautor |
|
| 245 | 1 | 0 |
_aCalculo, matrices, vectorial / _cA. Vasquez Vera |
| 260 |
_asin lugar : _bediciones IGISA ; _csin año |
||
| 300 |
_a70 páginas : _bdiagramas ; _c30 cm. |
||
| 650 | 1 | 0 |
_aMatrices (Matemáticas) _93108 |
| 650 | 2 | 0 |
_aDinámica _92153 |
| 650 | 2 | 0 |
_aEstática _9165 |
| 650 | 2 | 0 |
_aVectores _93182 |
| 942 |
_cLIB _2ddc |
||
| 999 |
_c432 _d432 |
||